Word Laddyrinth XI Quiz Stats

Quiz Updated Mar 27, 2012

Also try: Word Laddyrinth X
Challenge
Share
Tweet
Score 0/192 Timer 07:00
1 Play Today
% Correct
opposite of west
99.9%
FINISH
99.8%
simplicity
98.9%
quick
98.9%
EAST
98.8%
ultimate
98.8%
0~O~0~O~0~O~0
96.9%
0~O~0~O~0~O~0
96.9%
FAST
94.8%
0~O~0~O~0~O~0
90.6%
0~O~0~O~0~O~0
90.6%
roof overhang
84.4%
EASE
84.3%
failed to win
82%
0~O~0~O~0~O~0
81%
0~O~0~O~0~O~0
81%
0~O~0~O~0~O~0
80.5%
0~O~0~O~0~O~0
80.5%
greatest amount
80.4%
desire
80.4%
LOST
80.3%
LAST
79.7%
lichen
76.8%
MOST
76.7%
0~O~0~O~0~O~0
74.9%
0~O~0~O~0~O~0
74.9%
0~O~0~O~0~O~0
74.4%
0~O~0~O~0~O~0
74.4%
dirt granules
73.7%
LUST
73.4%
0~O~0~O~0~O~0
73.1%
0~O~0~O~0~O~0
73.1%
0~O~0~O~0~O~0
72.2%
0~O~0~O~0~O~0
72.2%
song for two
71.6%
battle
71.5%
energy source
71.3%
0~O~0~O~0~O~0
71.3%
0~O~0~O~0~O~0
71.3%
DUST
71.3%
DUET
71.1%
touch
70.9%
0~O~0~O~0~O~0
70%
0~O~0~O~0~O~0
70%
two-fold
69.9%
DUEL
69.8%
nourish
69.6%
FUEL
69.3%
0~O~0~O~0~O~0
68.8%
0~O~0~O~0~O~0
68.8%
FEEL
68.8%
require
68.6%
unwanted plant
68.6%
NEED
68.4%
FEED
68.2%
sob
67.9%
task
67.9%
WEED
67.8%
feel a loss
67.8%
0~O~0~O~0~O~0
66.7%
0~O~0~O~0~O~0
66.7%
0~O~0~O~0~O~0
66.5%
0~O~0~O~0~O~0
66.5%
MOSS
66.3%
% Correct
rant
66.3%
EAVE
66.2%
0~O~0~O~0~O~0
66.1%
0~O~0~O~0~O~0
66.1%
leak out
65.7%
0~O~0~O~0~O~0
65.7%
0~O~0~O~0~O~0
65.7%
WEEP
65.6%
evaluate
64.4%
RAVE
64.2%
0~O~0~O~0~O~0
64.2%
0~O~0~O~0~O~0
64.2%
0~O~0~O~0~O~0
63.6%
0~O~0~O~0~O~0
63.6%
stair unit
63.4%
SEEP
63.3%
hunt for
63.3%
0~O~0~O~0~O~0
62.5%
0~O~0~O~0~O~0
62.5%
goulash
62.3%
flower stalk
62.1%
STEP
62.1%
0~O~0~O~0~O~0
61.2%
0~O~0~O~0~O~0
61.2%
life partner
60.9%
RATE
60.7%
memorize, (with by)
60.7%
SEEK
60.1%
algebra, eg
59.8%
MATE
59.8%
MATH
57.8%
STEM
57.6%
spit out; eject
57.5%
STEW
57.3%
0~O~0~O~0~O~0
56.8%
0~O~0~O~0~O~0
56.8%
hurried
55.9%
SPEW
55.4%
distort
55.4%
0~O~0~O~0~O~0
55%
0~O~0~O~0~O~0
55%
blunt
54.5%
DUAL
53.3%
MIST
53%
lose hair
52.9%
haze
52.6%
MISS
52.6%
snake sound
52.6%
SPED
52.3%
HISS
52%
like many horses
51.5%
DEED
48.6%
male bovine
48.5%
toy baby
48.4%
DULL
48.4%
SHED
48.2%
list of charges
47.8%
BULL
47.7%
DOLL
46.7%
liver secretion
46.2%
BILL
46.2%
end a life
46.2%
ROTE
46.1%
display
45.5%
% Correct
KILL
45.4%
SKEW
45.1%
0~O~0~O~0~O~0
44.9%
0~O~0~O~0~O~0
44.9%
BILE
44.8%
0~O~0~O~0~O~0
44.7%
0~O~0~O~0~O~0
44.7%
tortoise-like
44.2%
stash
43.8%
SHOW
43.8%
move, as water
43.6%
SLOW
43.5%
small store
42.4%
force air
41.8%
fall limply
41.8%
FLOW
41.8%
nautical vessel
41.7%
SHOP
41.5%
0~O~0~O~0~O~0
41.5%
0~O~0~O~0~O~0
41.5%
SHOD
41.4%
fragment
41.2%
flog
41.2%
SHIP
41.1%
0~O~0~O~0~O~0
40.2%
0~O~0~O~0~O~0
40.2%
0~O~0~O~0~O~0
40.2%
0~O~0~O~0~O~0
40.2%
BLOW
39.8%
forehead
39.8%
STOW
39.4%
0~O~0~O~0~O~0
37.5%
0~O~0~O~0~O~0
37.5%
0~O~0~O~0~O~0
37.5%
0~O~0~O~0~O~0
37.5%
0~O~0~O~0~O~0
37.4%
0~O~0~O~0~O~0
37.4%
BROW
37.3%
trim; chop
37.1%
CHIP
36.9%
sudden idea
35.2%
WHIP
34.8%
FLOP
31.8%
tapered gap filler
30.5%
WHIM
30.5%
applaud
30.2%
a bivalve
30.2%
CLIP
30.2%
CLAP
30.1%
0~O~0~O~0~O~0
28.3%
0~O~0~O~0~O~0
28.3%
SHIM
28.2%
stuff into
27.8%
CLAM
27.7%
cat's nail
27.7%
CLAW
27.5%
unit of mass
27%
CRAM
27%
GRAM
26.2%
latch on to
26.2%
larva
25.6%
GRAB
25.6%
NICELY DONE
23.7%
GRUB
23.6%

You're not logged in!

Compare scores with friends on all Sporcle quizzes.
Join for Free
OR
Log In

You Might Also Like...

Show Comments

Extras

Top Quizzes Today


Score Distribution

Your Account Isn't Verified!

In order to create a playlist on Sporcle, you need to verify the email address you used during registration. Go to your Sporcle Settings to finish the process.

Report this User

Report this user for behavior that violates our Community Guidelines.

Details: